Science Quiz

Random Science Quiz

Allotropes of Carbon Quiz Stats

 Plays Quiz not verified by Sporcle

Support Sporcle.
Go Orange.
Score 0/8 Timer 01:00
0 Plays Today
% Correct
Nanotube
77.4%
Graphite
73.4%
C60 (Buckminsterfullerene)
73%
Amorphous carbon
68.5%
C540
68.4%
Diamond
64.4%
Lonsdaleite
61.4%
C70
60.9%

You're not logged in!

Compare scores with friends on all Sporcle quizzes.
OR
Log In

From the Vault

Polytheistic Religions by God

by ffi

If you are considering taking up one of these religions, it might help to actually know who you worship...just saying.
Remove Ads.
Support Sporcle.
Get the best of Sporcle when you Go Orange. This ad-free experience offers more features, more stats, and more fun while also helping to support Sporcle. Thank you for becoming a member.

Show Comments

Extras

Created Feb 18, 2020Editor PickedReportNominate
Tags:carbon

Top Quizzes Today


Score Distribution

Your Account Isn't Verified!

In order to create a playlist on Sporcle, you need to verify the email address you used during registration. Go to your Sporcle Settings to finish the process.

Report this User

Report this user for behavior that violates our Community Guidelines.

Details: